| 000 | 00999nam0a2200289 4500 | ||
|---|---|---|---|
| 001 | RU\NLR\bibl\1728614 | ||
| 005 | 20250616074944.0 | ||
| 010 |
_a978-5-94331-114-7 _92000 |
||
| 021 |
_aRU _b2010-102478 _96925 |
||
| 035 | _a(NLR Aleph) 001719574 | ||
| 090 |
_a1331128 _c1331128 |
||
| 100 | _a20110128d2008 |||y0rusy50 ca | ||
| 101 | 1 |
_arus _cund |
|
| 102 | _aRU | ||
| 105 | _aa ||||||||| | ||
| 200 | 1 |
_aДа ведь у нас есть крылья!!! _eкороткие истории для души _fБруно Ферреро _g[пер.: Татьяна Тихонова] |
|
| 210 |
_aГатчина _cСЦДБ _d2008 |
||
| 215 |
_a80 с. _cцв. ил. _d17 |
||
| 606 | 1 |
_aДуховно-нравственное чтение _92074545 _3RU\NLR\auth\661249549 |
|
| 686 | _aЭ375-681.2 | ||
| 700 | 1 |
_aФерреро _bБ. _gБруно _4070 |
|
| 801 | 0 |
_aRU _bNLR _c20110128 _gRCR |
|
| 801 | 1 |
_aRU _bNLR _c20110128 |
|
| 942 | _cBOOK | ||
| 980 | _aNB | ||